000
00243nam a2200121Ia 4500
008
240625s9999 xx 000 0 und d
041
_a
eng
082
_a
AV
100
_a
CSE
245
_a
PURE GENE EOUS
260
_c
2007
365
_c
RS
_b
20
999
_c
33773
_d
33773